LEADER 01154nam0 2200277 450 001 000022478 005 20081009123936.0 100 $a20081009d1976----km-y0itaa50------ba 101 0 $aita 102 $aIT 200 1 $aHölderlin e l'utopia$euno studio sociologico sul rapporto tra natura, storia e poesia nella sua opera$fdi Giovanni Scimonello 210 $aNapoli$cIntercontinentalia$d1976 215 $a597 p.$d24 cm 225 2 $aQuaderni degli Annali dell'Istituto universitario orientale.$iSezione germanica$v11 410 1$12001$aQuaderni degli Annali dell'Istituto universitario orientale.$iSEzione germanica$v11 600 1$aHolderlin,$bFriedrich 676 $a831.6$v(21. ed.)$9Poesia tedesca. 1750-1832 700 1$aScimonello,$bGiovanni$0443901 801 0$aIT$bUniversitā della Basilicata - B.I.A.$gRICA$2unimarc 912 $a000022478 996 $aHölderlin e l'utopia$91528029 997 $aUNIBAS BAS $aLETTERE CAT $aEXT10$b01$c20081009$lBAS01$h1239 FMT Z30 -1$lBAS01$LBAS01$mBOOK$1BASA1$APolo Storico-Umanistico$2FMAS$BFondo Masini$3FMas/817/158$6817/158$5B817/158$820081009$f04$FPrestabile Didattica LEADER 01447nam 2200385Ka 450 001 9910694817503321 005 20060327155824.0 035 $a(CKB)5470000002365538 035 $a(OCoLC)65212532 035 $a(EXLCZ)995470000002365538 100 $a20060327d1997 ua 0 101 0 $aeng 181 $ctxt$2rdacontent 182 $cc$2rdamedia 183 $acr$2rdacarrier 200 10$aMethod 349.0$b[electronic resource] $edetermination of ammonia in estuarine and coastal waters by gas segmented continuous flow colorimetric analysis /$fJia-Zhong Zhang 205 $aVersion 1.0. 210 1$a[Cincinnati, OH] :$cUnited States Environmental Protection Agency, Office of Research and Development, National Exposure Research Laboratory,$d[1997] 215 $a16 pages $cdigital, PDF file 300 $aTitle from title screen (viewed on Mar. 27, 2006). 300 $a"September 1997." 320 $aIncludes bibliographical references. 517 $aMethod 349.0 606 $aAmmonia$xEnvironmental aspects$zUnited States 606 $aWater quality$xGovernment policy$zUnited States 615 0$aAmmonia$xEnvironmental aspects 615 0$aWater quality$xGovernment policy 700 $aZhang$b Jiazhong$01228865 712 02$aNational Exposure Research Laboratory (U.S.) 801 0$bGPO 801 1$bGPO 906 $aBOOK 912 $a9910694817503321 996 $aMethod 349.0$93433684 997 $aUNINA